LEADER 01358nam a2200277 i 4500 001 000000213749 003 CaOOAMICUS 005 20211014141605.0 008 120605s1744 it u000 u lat u 013 $a192604 026 $airs* x.m, s.am eaac (3) 1744 (R) 040 $aSeMil$bita 100 1 $aVolpi, Giovanni Antonio,$c.$0(OLS)http://semarc/name/11845 245 10$aJoannis Antonii Vulpii Liber de Satyrae latinae natura & ratione, ejusque scriptoribus qui supersunt Horatio, Persio, Juvenale .. 264 1$aPatavii :$bExcudebat Josephus Cominus,$c1744. 300 $a[12], 432, [4] p. ;$c8º. 500 $aIniz. ornate 500 $aSegn.: *6 A-2C8 2D10 500 $aMarca tip. n.c. sul front.: Aratore. Motto: Laudato ingentia rura exiguum colito 700 1 $aIuvenalis, Decimus Iunius,$d.$0(OLS)http://semarc/name/9245 700 1 $aComino, Giuseppe,$c.$0(OLS)http://semarc/name/2720 850 $aSeMil 852 $aSeMil$W1$xVenegono$y1$m1Z II 70 FA$j164177$B164177$CSeMilBibl$Z2$F175227 $8I 996 $6245$aJoannis Antonii Vulpii Liber de Satyrae latinae natura & ratione, ejusque scriptoribus qui supersunt Horatio, Persio, Juvenale ..$9(OLS)http://semarc/title/308107 996 $6264$aPatavii :$bExcudebat Josephus Cominus$9(OLS)http://semarc/publisher/36833 LEADER 00965nam a2200193 i 4500 001 000000228922 003 CaOOAMICUS 005 20140416000000.0 008 140416s1722 xx u000 u fre u 013 $a207824 026 $ai-be 4.ai c.b. 34(a (3) 1722 (R) 040 $aSeMil$bita 245 10$aLes deux livres d'Esdras, Tobie, Judith, et Esther. 300 $a[8], xlij, 694, [2] p., [1] carta di tav. :$bill. 773 0 $aCalmet, Augustin $tCommentaire litteral sur tous les livres de l'Ancien et du Nouveau Testament. Par le r.p.d. Augustin Calmet ..$dA Paris : Chez Pierre Emery, au milieu du Quay des Augustins, près la rue Pavée, à l'Ecu de France, 1707-1730.$g[8$w()29755 850 $aSeMil 852 $aSeMil$W1$xVenegono$y1$m2Z IV 8 FA$j179268$B179268$CSeMilBibl$Z2$F190378 $8I 961 $aOmaggio: Biblioteca Seminario Duomo 996 $6245$aLes deux livres d'Esdras, Tobie, Judith, et Esther$9(OLS)http://semarc/title/327607